Situations, VII.

Sábháilte in:
Sonraí bibleagrafaíochta
Príomhchruthaitheoir: Sartre, Jean-Paul, 1905-1980
Formáid: LEABHAR
Teanga:French
Foilsithe / Cruthaithe: Paris : Gallimard, 1965.
Ábhair:
LEADER 00663nam a22001931 4500
001 c000207790
003 CARM
005 20021125002100.0
008 851211s1965 fr 0 fre d
019 1 |a 4175253  |5 LACONCORD2021 
035 |a (OCoLC)21359628  |5 LACONCORD2021 
100 1 |a Sartre, Jean-Paul,  |d 1905-1980. 
245 1 0 |a Situations, VII. 
260 |a Paris :  |b Gallimard,  |c 1965. 
650 0 |a Communism. 
852 8 |b CARM  |h A2:AK33G0  |i A03161  |p 0293302  |f BK 
082 0 4 |a 844.9 
999 f f |i 40ebf005-9a65-549e-a490-7ac90658c6d5  |s 17f49585-6dbf-597a-a6f8-5ceae6d9fb92 
952 f f |p Can circulate  |a CAVAL  |b CAVAL  |c CAVAL  |d CARM 1 Store  |e A03161  |f A2:AK33G0  |h Other scheme  |i book  |m 0293302